1552 1787 1012 1480 1529 1952 1702 1307 1468 1606 1679 1040 1031 1421 1519 1353 1576 1109 1480 1041 1079 1968 1453 1479 1496 1408 1553 1102 1947 1170 1436 1537 1665 1601 1236 1152 1635 1097 1396 1009 1661 1066 1866 1799 1692 1278 1493 1140 1462 1302 1383 1013 1575 1104 1687 1862 1531 1562 1097 1209 1329 1917 1302 1980 1798 1462 1736 1198 1586 1281 1416 1620 1071 1344 1542 1957 1041 1694 1931 1107 1955 1909 1043 1001 1409 1902 1426 1774 1703 1666 1672 1116 1496 1056 1483 1154 1732 1128 1170 BCNSPRNW ULIB Ver.6.0+V

เปลี่ยนเป็นภาษาไทย

Change to English
 แสดงรายละเอียดบรรณานุกรม
  กลับหน้าหลัก

Brief Record : Get Marc (ISO 2709) : E-mail record : QR code < ปิดหน้าต่าง
LEADER : 00000nam 2200000uu 4500
001    13399115299
003     ULIB
008    120809s2555||||th 000 0 tha d
020    ^a9786161109929
060 04 ^aWY100^bก469
245 00 ^aการปฏิบัติการพยาบาลขั้นสูง :^bบูรณาการสู่การปฎิบัติ / ^cสมจิต หนุเจริญกุล และอรสา พัน์ภักดี ^eบรรณาธิการ
250    ^aพิมพ์ครั้งที่ 2 (ฉบับปรับปรุง)
260    ^aกรุงเทพฯ :^bสภาการพยาบาล,^c2555
300    ^a300 หน้า ;^c27 ซม.
504    ^aมีดรรชนี
650  4 ^aการพยาบาล
650  4 ^aการพยาบาล, การบริการ
650  4 ^aการพยาบาล, การปฏิบัติงาน
650  4 ^aการพัฒนาคุณภาพ^xการพยาบาล
700 0  ^aสมจิต หนุเจริญกุล ^eบรรณาธิการ
700 0  ^aอรสา พันธ์ภักดี^eบรรณาธิการ
710 2  ^aกระทรวงสาธารณสุข. ^bสภาการพยาบาล
945    ^p350^l0^i032270
945    ^p350^l0^i032271
945    ^p350^l0^i032272
945    ^p350^l0^i032273
945    ^p350^l0^i037196
945    ^p350^l0^i037197
945    ^p350^l0^i037198
945    ^p350^l0^i037199
945    ^p350^l0^i037200
945    ^p350^l0^i037201
945    ^p350^l0^i037202
945    ^p350^l0^i037203
945    ^p350^l0^i037204
945    ^p350^l0^i037205
945    ^p350^l0^i037206
945    ^p350^l0^i037207
945    ^p350^l0^i037208
945    ^p350^l0^i037209
945    ^p350^l0^i037210
995    ^aเกษร
999 ^a ใช้งานได้ทุกระบบ
รายการนี้ยังไม่มีแท็ก
คุณยังไม่ได้ล็อกอิน คุณสามารถมีกิจกรรมร่วมกับเว็บไซต์ได้ แต่ต้องล็อกอินก่อน ::
  ล็อกอิน

รายการสื่อสารสนเทศ

ลำดับที่ ประเภท เลขเรียก/บาร์โค้ด สถานที่ สถานะ
1. วิทยาศาสตร์การแพทย์ และสุขภาพ
หนังสือสำรอง
สถานะ=หนังสือสำรอง
WY100 ก469 ฉ.1 
  Barcode: 032270
ห้องสมุดวิทยาเขตสวรรค์ประชารักษ์
►ส่วนจัดเก็บหนังสือเก่า สปร
บนชั้น
  ขอยืม
2. วิทยาศาสตร์การแพทย์ และสุขภาพ
วิทยาศาสตร์การแพทย์ และสุขภาพ
WY100 ก469 ฉ.10 
  Barcode: 037201
ห้องสมุดวิทยาเขตสวรรค์ประชารักษ์
►ส่วนจัดเก็บหนังสือเก่า สปร
บนชั้น
  ขอยืม
3. วิทยาศาสตร์การแพทย์ และสุขภาพ
วิทยาศาสตร์การแพทย์ และสุขภาพ
WY100 ก469 ฉ.11 
  Barcode: 037202
ห้องสมุดวิทยาเขตสวรรค์ประชารักษ์
►ส่วนจัดเก็บหนังสือเก่า สปร
บนชั้น
  ขอยืม
4. วิทยาศาสตร์การแพทย์ และสุขภาพ
วิทยาศาสตร์การแพทย์ และสุขภาพ
WY100 ก469 ฉ.12 
  Barcode: 037203
ห้องสมุดวิทยาเขตสวรรค์ประชารักษ์
►ส่วนจัดเก็บหนังสือเก่า สปร
บนชั้น
  ขอยืม
5. วิทยาศาสตร์การแพทย์ และสุขภาพ
วิทยาศาสตร์การแพทย์ และสุขภาพ
WY100 ก469 ฉ.13 
  Barcode: 037204
ห้องสมุดวิทยาเขตสวรรค์ประชารักษ์
►ส่วนจัดเก็บหนังสือเก่า สปร
บนชั้น
  ขอยืม
6. วิทยาศาสตร์การแพทย์ และสุขภาพ
วิทยาศาสตร์การแพทย์ และสุขภาพ
WY100 ก469 ฉ.14 
  Barcode: 037205
ห้องสมุดวิทยาเขตสวรรค์ประชารักษ์
►ส่วนจัดเก็บหนังสือเก่า สปร
บนชั้น
  ขอยืม
7. วิทยาศาสตร์การแพทย์ และสุขภาพ
วิทยาศาสตร์การแพทย์ และสุขภาพ
WY100 ก469 ฉ.15 
  Barcode: 037206
ห้องสมุดวิทยาเขตสวรรค์ประชารักษ์
►ส่วนจัดเก็บหนังสือเก่า สปร
บนชั้น
  ขอยืม
8. วิทยาศาสตร์การแพทย์ และสุขภาพ
วิทยาศาสตร์การแพทย์ และสุขภาพ
WY100 ก469 ฉ.16 
  Barcode: 037207
ห้องสมุดวิทยาเขตสวรรค์ประชารักษ์
►ส่วนจัดเก็บหนังสือเก่า สปร
บนชั้น
  ขอยืม
9. วิทยาศาสตร์การแพทย์ และสุขภาพ
วิทยาศาสตร์การแพทย์ และสุขภาพ
WY100 ก469 ฉ.17 
  Barcode: 037208
ห้องสมุดวิทยาเขตสวรรค์ประชารักษ์
►ส่วนจัดเก็บหนังสือเก่า สปร
บนชั้น
  ขอยืม
10. วิทยาศาสตร์การแพทย์ และสุขภาพ
วิทยาศาสตร์การแพทย์ และสุขภาพ
WY100 ก469 ฉ.18 
  Barcode: 037209
ห้องสมุดวิทยาเขตสวรรค์ประชารักษ์
►ส่วนจัดเก็บหนังสือเก่า สปร
บนชั้น
  ขอยืม
11. วิทยาศาสตร์การแพทย์ และสุขภาพ
วิทยาศาสตร์การแพทย์ และสุขภาพ
WY100 ก469 ฉ.19 
  Barcode: 037210
ห้องสมุดวิทยาเขตสวรรค์ประชารักษ์
►ส่วนจัดเก็บหนังสือเก่า สปร
บนชั้น
  ขอยืม
12. วิทยาศาสตร์การแพทย์ และสุขภาพ
วิทยาศาสตร์การแพทย์ และสุขภาพ
WY100 ก469 ฉ.2 
  Barcode: 032271
ห้องสมุดวิทยาเขตสวรรค์ประชารักษ์
►ส่วนจัดเก็บหนังสือเก่า สปร
บนชั้น
  ขอยืม
13. วิทยาศาสตร์การแพทย์ และสุขภาพ
วิทยาศาสตร์การแพทย์ และสุขภาพ
WY100 ก469 ฉ.3 
  Barcode: 032272
ห้องสมุดวิทยาเขตสวรรค์ประชารักษ์
►ส่วนจัดเก็บหนังสือเก่า สปร
บนชั้น
  ขอยืม
14. วิทยาศาสตร์การแพทย์ และสุขภาพ
วิทยาศาสตร์การแพทย์ และสุขภาพ
WY100 ก469 ฉ.4 
  Barcode: 032273
ห้องสมุดวิทยาเขตสวรรค์ประชารักษ์
►ส่วนจัดเก็บหนังสือเก่า สปร
บนชั้น
  ขอยืม
15. วิทยาศาสตร์การแพทย์ และสุขภาพ
วิทยาศาสตร์การแพทย์ และสุขภาพ
WY100 ก469 ฉ.5 
  Barcode: 037196
ห้องสมุดวิทยาเขตสวรรค์ประชารักษ์
►ส่วนจัดเก็บหนังสือเก่า สปร
บนชั้น
  ขอยืม
16. วิทยาศาสตร์การแพทย์ และสุขภาพ
วิทยาศาสตร์การแพทย์ และสุขภาพ
WY100 ก469 ฉ.6 
  Barcode: 037197
ห้องสมุดวิทยาเขตสวรรค์ประชารักษ์
►ส่วนจัดเก็บหนังสือเก่า สปร
บนชั้น
  ขอยืม
17. วิทยาศาสตร์การแพทย์ และสุขภาพ
วิทยาศาสตร์การแพทย์ และสุขภาพ
WY100 ก469 ฉ.7 
  Barcode: 037198
ห้องสมุดวิทยาเขตสวรรค์ประชารักษ์
►ส่วนจัดเก็บหนังสือเก่า สปร
บนชั้น
  ขอยืม
18. วิทยาศาสตร์การแพทย์ และสุขภาพ
วิทยาศาสตร์การแพทย์ และสุขภาพ
WY100 ก469 ฉ.8 
  Barcode: 037199
ห้องสมุดวิทยาเขตสวรรค์ประชารักษ์
►ส่วนจัดเก็บหนังสือเก่า สปร
บนชั้น
  ขอยืม
19. วิทยาศาสตร์การแพทย์ และสุขภาพ
วิทยาศาสตร์การแพทย์ และสุขภาพ
WY100 ก469 ฉ.9 
  Barcode: 037200
ห้องสมุดวิทยาเขตสวรรค์ประชารักษ์
►ส่วนจัดเก็บหนังสือเก่า สปร
บนชั้น
  ขอยืม

รายการใกล้เคียง
    หัวเรื่อง [การพยาบาล]
    หัวเรื่อง [การพยาบาล, การบริการ]
    หัวเรื่อง [การพยาบาล, การปฏิบัติงาน]

BibComment


ยังไม่เคยถูกคอมเมนท์

คอมเมนท์ทรัพยากรรายการนี้
  คอมเมนท์: การปฏิบัติการพยา..


 Copyright 2026. Bcnsprnw @Library